000 00582nam a2200205Ia 4500
005 20250923144635.0
008 008 250917s9999 xx 000 0 eng d
037 _aTextual
040 _aDSWL
_beng
_cDSWL
041 _aeng
_2eng
084 _aYX,ZII, N47
_qDSWL
100 _aLundberg, E.O.
_9826908
245 0 _aUnto the last of these
_cby E.O.Lundberg
260 _aNew York
_b Appleton Century Crofts, Inc.
_c1947
300 _axi,424p.
365 _aUSD
_b3.75
925 _g3.75
942 _cTEXL
_hYX,ZII, N47
999 _c1441525
_d1441525